000 00684nam a2200253Ia 4500
003 OSt
005 20221005045436.0
006 a|||||r|||| 00| 0
007 ta
008 221004b |||||||| |||| 00| 0 eng d
020 _a8190106090 (pbk)
024 _a121092
037 _bGift, 13/09/2012,
_cTextual
040 _aCRL
_cCRL
_beng
041 _2eng
_aeng
082 _aY:1.41, P2
100 _aHinton William
245 0 _aChina
_b An unfinished battle
260 _aKharagpur
_bCornerstone Pub
_c2002
300 _a144p.
_ccm.
650 _aSOCIOLOGY
942 _hY:1.41, P2
_cTEXL
_2cc
999 _c955020
_d955020